LEADER 01172nam0-22003491i-450- 001 990008006380403321 005 20050706104726.0 010 $a3-515-08174-7 035 $a000800638 035 $aFED01000800638 035 $a(Aleph)000800638FED01 035 $a000800638 100 $a20050216d2003----km-y0itay50------ba 101 0 $aeng 102 $aDE 105 $aaf------001yy 200 1 $aDiscrepancies in Olympiad dating and chronological problems of archaic Peloponnesian history$fPamela-Jane Shaw 210 $aStuttgart$cFranz Steiner$dc2003 215 $a304 p.$cill.$d24 cm$e1 c. di tav. ripieg. in tasca 225 1 $aHistoria$ezeitschrift für Alte Geschichte$iEinzelschriften$v166 610 0 $aGuerre messeniche 676 $a938.02$v21$zita 700 1$aShaw,$bPamela-Jane$0287611 801 0$aIT$bUNINA$c20050216$gRICA$2UNIMARC 901 $aBK 912 $a990008006380403321 952 $a938.02 SHA 1$bBibl.50892$fFLFBC 952 $aXXI A 710 (166)$b46403*$fFGBC 959 $aFLFBC 959 $aFGBC 996 $aDiscrepancies in Olympiad dating and chronological problems of archaic Peloponnesian history$9245318 997 $aUNINA